000
00193nam a2200085 4500
001
1258374
005
20260310101542.0
245
_a
BABAANNEM GERİ DÖNDÜ
_c
ŞERMİN YAŞAR
260
_b
TAZE KİTAP
999
_c
1258374
_d
1258374